000 00526nam a2200205Ia 4500
005 20231004091458.0
008 131103s9999 xx 000 0 und d
020 _aRs.120
040 _aLoreto College
041 _aEnglish
082 _a294.5923
_bMAH
100 _aMullick, Promatha Nath
245 4 _aThe Mahabharata
_b A critical study
_cPromatha Nath Mullick
260 _aKolkata
_bPioneer Press
_c1934
300 _a579p.
650 _aReligion
651 _aHindu-Religion
850 _aLCLIB
942 _cBK
999 _c23068
_d73547